Statistics for Countries that Border Azerbaijan

Click here to take the quiz!

General Stats

  • This quiz has been taken 25 times
  • The average score is 5 of 5

Answer Stats

LengthAnswer% Correct
284 kmRussia
100%
787 kmArmenia
96%
322 kmGeorgia
92%
9 kmTurkey
92%
432 kmIran
88%

Score Distribution

Percentile by Number Answered

Percent of People with Each Score

Your Score History

You have not taken this quiz